Saccharomycetina (Record no. 65175)

MARC details
000 -LEADER
campo de control de longitud fija 00661nam a2200181 i 4500
001 - NÚMERO DE CONTROL
campo de control 65175
003 - IDENTIFICADOR DE NÚMERO DE CONTROL
campo de control ES-MaACL
005 - FECHA Y HORA DE LA ÚLTIMA TRANSACCIÓN
campo de control 20230906165319.0
007 - CAMPO FIJO DE DESCRIPCIÓN FÍSICA--INFORMACIÓN GENERAL
campo de control de longitud fija t|
008 - DATOS DE LONGITUD FIJA--INFORMACIÓN GENERAL
campo de control de longitud fija 040109s1954 sp a ||||1| spa d
080 ## - NÚMERO DE LA CLASIFICACIÓN DECIMAL UNIVERSAL
Número de la Clasificación Decimal Universal 663.252
100 1# - ENTRADA PRINCIPAL--NOMBRE DE PERSONA
Nombre de persona Francés Garbayo, Cecilio.
9 (RLIN) 52150
245 10 - MENCIÓN DEL TÍTULO
Título Saccharomycetina
Resto del título : nuevo proceso para fabricar y utilizar el zumo de uva como vitaminoactivador de acción enérgica en la defensa celular del organismo humano /
Mención de responsabilidad, etc. por C. Francés Garbayo.
260 ## - PUBLICACIÓN, DISTRIBUCIÓN, ETC.
Lugar de publicación, distribución, etc. Pamplona :
Nombre del editor, distribuidor, etc. [s.n.],
Fecha de publicación, distribución, etc. 1954 (
Fabricante Joaquín Navarro)
300 ## - DESCRIPCIÓN FÍSICA
Extensión 179 p. :
Otras características físicas il. ;
Dimensiones 21 cm.
650 #4 - PUNTO DE ACCESO ADICIONAL DE MATERIA--TÉRMINO DE MATERIA
Término de materia o nombre geográfico como elemento de entrada Industria vitivínicola.
9 (RLIN) 141183
852 ## - LOCALIZACIÓN
Ubicación ES-MaACL
Número de control de estantería C-8975
Holdings
Estatus retirado Estado de pérdida Estado de daño No para préstamo Biblioteca de origen Biblioteca actual Ubicación en estantería Fecha de adquisición Fuente de adquisición Total de préstamos Signatura topográfica completa Código de barras Visto por última vez Precio de reemplazo Tipo de ítem Koha
        Biblioteca del Ateneo de Madrid Biblioteca del Ateneo de Madrid Sala Palomar 17/01/2008     C-8975 1068285 23/02/2023 23/02/2023 Libro impreso